000 01011nam a22003257a 4500
008 110622b1995 tu |||gr||||#||||0|tur |
040 _aTR-BiSEU
_btur
_cTR-BiSEU
_erda
001 0030552
003 KOHA_MİRAKIL
005 20260207002733.0
007 ta
020 _a9751911583
_q
041 0 _atur
044 _ctu
050 _aKKX1802
_b.F48 1995
245 0 _aFetvalar/
_ceditör : Abdil Aktaş, Ahmet Günay.
264 1 _aAnkara :
_bDiyanet İşleri Başkanlığı Yayınları
_c1995
300 _a118 s. ;
_c20 cm.
336 _ametin
_btxt
_2rdacontent
337 _aaracısız
_bn
_2rdamedia
338 _acilt
_bnc
_2rdacarrier
490 1 _aDiyanet İşleri Başkanlığı Yayınları ;
_v330.
490 1 _aHlak Kitapları ;93
650 0 _aFetvalar.
_935777
650 0 _aFatwas.
_930183
650 0 _aAdvisory opinions (Islamic law)--Turkey.
_960149
830 1 _aDiyanet İşleri Başkanlığı Yayınları ;
_v330.
_930343
830 1 _aHlak Kitapları ;93
_960150
942 _2lcc
_cBK
999 _c30472
_d30472